| 000 | 00595nam a2200229Ia 4500 | ||
|---|---|---|---|
| 003 | OSt | ||
| 005 | 20221006165003.0 | ||
| 006 | a|||||r|||| 00| 0 | ||
| 007 | ta | ||
| 008 | 221006b |||||||| |||| 00| 0 hin d | ||
| 024 | _a5,237 | ||
| 037 | _cTextual | ||
| 040 |
_aFML _cFML _bhin |
||
| 041 |
_2hin _ahin |
||
| 082 | _aQ2315, K6 | ||
| 100 | _aDivedi Hazari Prasad Au. | ||
| 245 | 0 | _aNath Sampradaya | |
| 260 |
_aVAranasi _bNaivedya Niketan India _c1966 |
||
| 300 |
_a256 _ccm. |
||
| 942 |
_hQ2315, K6 _cTEXL _2CC |
||
| 999 |
_c1119183 _d1119183 |
||